[Event "Landesjugendeinzelmeisterschaft M-V u14"]
[Site "Malchow 2024"]
[Date "2024.02.04"]
[Round "2.8"]
[White "Lipkowski, Calvin"]
[Black "Stier, Edgar"]
[Result "0-1"]
[WhiteElo "791"]
[BlackElo "972"]
[Time "08:30:00"]
[WhiteTeam "SAV Torgelow-DrÃ¶geheide 90"]
[BlackTeam "ESV Waren"]

1.e4 e5 2.Nf3 Nc6 3.Nc3 Nf6 4.Bb5 Bd6 5.O-O O-O 6.d4 Qe7 7.Bg5 h6 8.Bxf6 Qxf6
9.Nd5 Qd8 10.Re1 exd4 11.Nxd4 Nxd4 12.Qxd4 c6 13.Ne3 Qe7 14.Bd3 Be5 15.Qc4 Bxb2
16.Nf5 Qe6 17.Rab1 Qxc4 18.Bxc4 Bc3 19.Re3 Be5 20.g3 d6 21.Rd1 Bxf5 22.exf5 b5
23.Rxd6 Bxd6 24.Bd3 a6 25.Re4 f6 26.Re6 Rad8 27.c3 Be5 28.Rxc6 Rxd3 29.Rxa6 Rxc3
30.f4 Bc7 31.Ra7 Rb8 32.Kf2 Bb6+ 33.Ke2 Bxa7 34.Kd2 Ra3 35.Kc1 Rxa2 36.Kb1 Rxh2
37.Kc1 Re8 38.Kb1 Re1#
0-1

[Event "Landesjugendeinzelmeisterschaft M-V u14"]
[Site "Malchow 2024"]
[Date "2024.02.04"]
[Round "2.9"]
[White "Isaiev, Andrii"]
[Black "Zielke, Finn"]
[Result "1-0"]
[WhiteElo "967"]
[BlackElo "774"]
[Time "08:30:00"]
[WhiteTeam "TuS Makkabi Rostock"]
[BlackTeam "SC Mecklenburger Springer"]

1.d4 d5 2.Nf3 Nc6 3.Be3 Nf6 4.Nc3 Bg4 5.h3 Bxf3 6.gxf3 e6 7.a3 e5 8.dxe5 Nxe5
9.f4 Nc4 10.Bd4 Nxb2 11.Qb1 Nc4 12.a4 b6 13.Bg2 c5 14.Bxf6 Qxf6 15.Nxd5 Qd6
16.Qb5+ Kd8 17.Qxc4 Qe6 18.Nc7 Kxc7 19.Qxe6 fxe6 20.Bxa8 g6 21.Rd1 c4 22.O-O Bc5
23.Be4 Rf8 24.e3 Rg8 25.c3 h5 26.Rd2 g5 27.fxg5 Rxg5+ 28.Kh2 Bd6+ 29.f4 Re5
30.Bg6 Rxe3 31.Bxh5 Rxc3 32.Rfd1 Bxf4+ 33.Kg2 Rg3+ 34.Kf2 c3 35.Rc2 Be5 36.Bg4
a6 37.Bxe6 b5 38.axb5 axb5 39.Rd3 b4 40.Rxg3 Bxg3+ 41.Kxg3 Kd6 42.Bb3 Ke7 43.Kg4
Kf6 44.h4 Kg6 45.Rf2 Kh6 46.Rf5 Kg7 47.Kg5 Kh7 48.Kf6 Kh6 49.Ra5 c2 50.Bxc2 b3
51.Bxb3 Kh7 52.Bg8+ Kh8 53.Ra6 Kxg8 54.Ra7 Kh8 55.Kg6 Kg8 56.Ra8#
1-0

[Event "Landesjugendeinzelmeisterschaft M-V u16"]
[Site "Malchow 2024"]
[Date "2024.02.04"]
[Round "2.1"]
[White "Peilert, Maximilian"]
[Black "Stepanjan, Marianne"]
[Result "1/2-1/2"]
[WhiteElo "1463"]
[BlackElo "1678"]
[Time "08:30:00"]
[WhiteTeam "Think Rochade - SC HRO"]
[BlackTeam "ESV 1888 Wittenberge"]

1.d4 Nf6 2.Nf3 g6 3.Bf4 Bg7 4.e3 O-O 5.Nbd2 d6 6.Bd3 Nbd7 7.O-O Re8 8.Re1 e5
9.Bg5 h6 10.dxe5 dxe5 11.Bxf6 Nxf6 12.e4 Nh5 13.Bb5 c6 14.Bc4 Nf4 15.b4 Qb6
16.c3 Be6 17.Bxe6 Rxe6 18.Nc4 Qc7 19.Qb3 b5 20.Ne3 Rd8 21.Rad1 Red6 22.g3 Ne6
23.a4 a6 24.axb5 axb5 25.Rxd6 Rxd6 26.Rd1 Rxd1+ 27.Qxd1 Qd8 28.Qxd8+ Nxd8 29.Kf1
Kf8 30.Ke2 Ke7 31.Kd3 Ke6 32.Nh4 Bf6 33.Nf3 Bg7 34.Nh4 Bf6 35.Nf3
1/2-1/2

[Event "Landesjugendeinzelmeisterschaft M-V u16"]
[Site "Malchow 2024"]
[Date "2024.02.04"]
[Round "2.2"]
[White "Brandt, Mattis"]
[Black "WellÃŸow, Lio Keanu"]
[Result "1-0"]
[WhiteElo "1315"]
[BlackElo "1131"]
[Time "08:30:00"]
[WhiteTeam "Greifswalder SV"]
[BlackTeam "HSG Stralsund"]

1.e4 e6 2.d4 d5 3.e5 c5 4.c3 Nc6 5.Nf3 Qb6 6.a3 Bd7 7.b4 cxd4 8.cxd4 a5 9.b5 Na7
10.a4 Bb4+ 11.Bd2 Ne7 12.Bd3 O-O 13.Bxh7+ Kxh7 14.Ng5+ Kg6 15.h4 Qxd4 16.h5+ Kf5
17.Qc2+ Kg4 18.f3+ Kg3 19.Rh3+ Kxg2 20.Bxb4+ Qf2+ 21.Qxf2#
1-0

[Event "Landesjugendeinzelmeisterschaft M-V u16"]
[Site "Malchow 2024"]
[Date "2024.02.04"]
[Round "2.3"]
[White "Asmussen, Johann"]
[Black "Briese, Paul"]
[Result "1-0"]
[WhiteElo "1208"]
[BlackElo "1553"]
[Time "08:30:00"]
[WhiteTeam "HSG Stralsund"]
[BlackTeam "SAV Torgelow-DrÃ¶geheide 90"]

1.e4 d6 2.d4 Nf6 3.Nc3 Nbd7 4.Nf3 e5 5.Bc4 Be7 6.Be3 a6 7.Ng5 O-O 8.Bxf7+ Rxf7
9.Ne6 Qe8 10.Nxc7 Qd8 11.Nxa8 b5 12.dxe5 dxe5 13.Nd5 Nxd5 14.Qxd5 Bg5 15.Bxg5
Qxg5 16.O-O Nf6 17.f4 Qh4 18.Qd3 Bb7 19.fxe5 Bxe4 20.Qg3 Qxg3 21.hxg3 Nd5
22.Rxf7 Kxf7 23.c3 Ke6 24.Rf1 Kd7 25.Rf7+ Kc8 26.e6 Kb8 27.e7 Bg6
1-0

[Event "Landesjugendeinzelmeisterschaft M-V u16"]
[Site "Malchow 2024"]
[Date "2024.02.04"]
[Round "2.4"]
[White "Sens, Gerda"]
[Black "Drechsler, Andor"]
[Result "0-1"]
[WhiteElo "1262"]
[BlackElo "1494"]
[Time "08:30:00"]
[WhiteTeam "SSC Rostock 07"]
[BlackTeam "SAV Torgelow-DrÃ¶geheide 90"]

1.e4 c6 2.Nc3 d5 3.d4 dxe4 4.Nxe4 Bf5 5.Nc3 e6 6.Nf3 Nd7 7.Bf4 Ngf6 8.Bd3 Bxd3
9.Qxd3 Be7 10.O-O-O O-O 11.h3 Nd5 12.Bd2 N7f6 13.Rhe1 Rc8 14.Ne4 Nxe4 15.Rxe4 c5
16.Rg4 Bf6 17.h4 h5 18.Ng5 Bxg5 19.Rxg5 cxd4 20.Qxd4 g6 21.g4 Qc7 22.c3 hxg4
23.h5 Ne7 24.Rh1 f6 25.Rxg4 Qc6 26.Rh2 Rcd8 27.Qf4 g5 28.Qg3 Qd5 29.f4 Nf5
30.Qg1 Qxa2 31.Qg2 Qa1+ 32.Kc2 Qa4+ 33.b3 Qa2+ 34.Kd1 Qxb3+ 35.Ke2 Qb5+ 36.Ke1
Qb1+ 37.Ke2 Qd3+ 38.Ke1 Qb1+ 39.Ke2 Qd3+ 40.Ke1 Ne3 41.Bxe3 Qxe3+ 42.Qe2 Qc1+
43.Kf2 Rd2
0-1

[Event "Landesjugendeinzelmeisterschaft M-V u16"]
[Site "Malchow 2024"]
[Date "2024.02.04"]
[Round "2.5"]
[White "Vollmer, Willem Maarten"]
[Black "Troschke, Bennet"]
[Result "1/2-1/2"]
[WhiteElo "1501"]
[BlackElo "1398"]
[Time "08:30:00"]
[WhiteTeam "SF Schwerin"]
[BlackTeam "Greifswalder SV"]

1.e4 e5 2.Bc4 Nc6 3.Nc3 Nf6 4.d3 Bc5 5.f4 d6 6.Nf3 Ng4 7.Ng5 O-O 8.f5 Nf6 9.Na4
Na5 10.Nxc5 Nxc4 11.Nb3 Nb6 12.O-O d5 13.Qe2 Qd6 14.Rf3 dxe4 15.dxe4 Qc6 16.Re3
Qc4 17.h3 Qxe2 18.Rxe2 Nc4 19.Nd2 Nd6 20.b3 h6 21.Ngf3 Nd7 22.Bb2 f6 23.Nh4 Rf7
24.Ng6 Nf8 25.Nxf8 Rxf8 26.Ba3 Rd8 27.Nf3 Kf7 28.g4 Nb5 29.Bb2 c5 30.Kf2 b6
31.h4 Bb7 32.g5 Nd4 33.Nxd4 cxd4 34.Rg1 d3 35.cxd3 Rxd3 36.gxh6 gxh6 37.Rg6 Rh8
38.Bc1 h5 39.Rc2 Rd7 40.Ke3 a5 41.Rcg2 Rh7 42.Bb2 Rd6 43.Rg8 Ba6 44.Ba3 Rd3+
45.Kf2 Rd2+ 46.Ke3 Rd3+ 47.Kf2 Rd2+ 48.Kg1 Rxg2+ 49.Rxg2 Rg7 50.Rxg7+ Kxg7
51.Kf2 Bd3 52.Ke3 Bb1 53.Bd6 Bxa2 54.Bc7 Bxb3 55.Bxb6 a4 56.Bc5 Kf7 57.Kd3 Ba2
58.Kc3 Bb1 59.Ba3 Ke8 60.Bb4 Kd7
1/2-1/2

[Event "Landesjugendeinzelmeisterschaft M-V u16"]
[Site "Malchow 2024"]
[Date "2024.02.04"]
[Round "2.6"]
[White "Janssen, Julika"]
[Black "Hampe, Florian"]
[Result "1-0"]
[WhiteElo "1322"]
[BlackElo "1220"]
[Time "08:30:00"]
[WhiteTeam "TuS Makkabi Rostock"]
[BlackTeam "Lok Gymnas Pritzwalk"]

1.d4 Nf6 2.Nf3 g6 3.Bf4 d6 4.e3 Bg7 5.Be2 O-O 6.O-O Bg4 7.Nbd2 Nbd7 8.c3 c5 9.h3
Bxf3 10.Nxf3 Rb8 11.a4 Qb6 12.Qc2 Rfc8 13.Rfd1 cxd4 14.exd4 Nd5 15.Bg3 N7f6
16.a5 Qd8 17.Ng5 b5 18.axb6 axb6 19.Ne4 b5 20.Nxf6+ Nxf6 21.Qc1 b4 22.c4 Ra8
23.Rxa8 Rxa8 24.Qc2 Rc8 25.Qb3 Qb6 26.Bf4 Qa5 27.Rc1 Qf5 28.Be3 Qa5 29.c5 d5
30.Bd2 Rb8 31.c6 Qb6 32.Qxb4 Qc7 33.Qa3 Ne4 34.Be3 e6 35.f3 Ng3 36.Bd3 Rb6
37.Qc3 Bf8 38.Qa5 Bb4 39.Qxb6 Qxb6 40.c7
1-0

[Event "Landesjugendeinzelmeisterschaft M-V u16"]
[Site "Malchow 2024"]
[Date "2024.02.04"]
[Round "2.7"]
[White "Garde, Edgar Emil"]
[Black "Tadewaldt, Stanley Fiete"]
[Result "1-0"]
[WhiteElo "1087"]
[BlackElo "1287"]
[Time "08:30:00"]
[WhiteTeam "TuS Makkabi Rostock"]
[BlackTeam "SAV Torgelow-DrÃ¶geheide 90"]

1.d4 Nf6 2.Bf4 g6 3.e3 Bg7 4.c4 O-O 5.Nf3 d6 6.Nbd2 c5 7.Be2 Nc6 8.Nb3 a5 9.O-O
Qb6 10.Rb1 a4 11.Nbd2 cxd4 12.exd4 Nxd4 13.Be3 Nxf3+ 14.Bxf3 Qc7 15.a3 Bd7 16.b4
axb3 17.Rxb3 Bc6 18.Re1 Bxf3 19.Qxf3 Qc6 20.Qh3 Rab8 21.Bg5 e6 22.Qh4 Nd7 23.Bh6
Nc5 24.Rh3 Qa4 25.Bf4 h5 26.Bxd6 Rbc8 27.Bxf8 Kxf8 28.Ne4 Qxc4 29.Nxc5 Qxh4
30.Rxh4 Rxc5 31.Rb1 Rc3 32.a4 Ra3 33.g3 Bf6 34.Rhb4 Bc3 35.R4b3 Rxb3 36.Rxb3 Ba5
37.Rxb7 Ke8 38.Kg2 f5 39.Kf3 Kd8 40.h3 Bc7 41.g4 hxg4+ 42.hxg4 Kd7 43.Rxc7+ Kxc7
44.g5 Kb6 45.Kf4
1-0

[Event "Landesjugendeinzelmeisterschaft M-V u16"]
[Site "Malchow 2024"]
[Date "2024.02.04"]
[Round "2.8"]
[White "Tank, Julian"]
[Black "Saalmann, Emil"]
[Result "1-0"]
[WhiteElo "1248"]
[BlackElo "958"]
[Time "08:30:00"]
[WhiteTeam "Think Rochade - SC HRO"]
[BlackTeam "ESV 1888 Wittenberge"]

1.e4 c5 2.Nf3 Nc6 3.d4 cxd4 4.Nxd4 Nf6 5.Nc3 e5 6.Nb3 Bb4 7.Bd3 h6 8.O-O Bxc3
9.bxc3 O-O 10.Be3 d6 11.h3 Be6 12.Re1 Rc8 13.Rc1 Qe7 14.Qf3 d5 15.Bc5 Qd7
16.Bxf8 Kxf8 17.Nc5 Qe7 18.Nxe6+ Qxe6 19.exd5 Nxd5 20.Bc4
1-0

[Event "Landesjugendeinzelmeisterschaft M-V u16"]
[Site "Malchow 2024"]
[Date "2024.02.04"]
[Round "2.10"]
[White "KÃ¶nig, Luca"]
[Black "Pommerehnke, Marla"]
[Result "1/2-1/2"]
[WhiteElo "936"]
[BlackElo "1112"]
[Time "08:30:00"]
[WhiteTeam "Think Rochade - SC HRO"]
[BlackTeam "TuS Makkabi Rostock"]

1.b3 d5 2.Bb2 Bf5 3.d4 Nf6 4.Nf3 e6 5.Nc3 Nbd7 6.e3 c6 7.Bd3 Bg6 8.Ng5 Bxd3
9.Qxd3 h6 10.Nf3 Bd6 11.O-O-O Qe7 12.Rhe1 Ba3 13.e4 Bxb2+ 14.Kxb2 O-O 15.h3 b5
16.exd5 b4 17.Na4 cxd5 18.g4 Ne4 19.Re2 Rfc8 20.Rg1 Nc3 21.Ree1 Nxa4+ 22.bxa4
Rc3 23.Qe2 Qf6 24.Ne5 Nxe5 25.Qxe5 Qxe5 26.dxe5 Rxh3 27.g5 hxg5 28.Rxg5 Rc8
29.Reg1 g6 30.R5g3 Rxg3 31.Rxg3 Rc4 32.Rb3 a5 33.Rh3 {(=)} 33...Re4 34.Re3 Rf4
1/2-1/2

[Event "Landesjugendeinzelmeisterschaft M-V u18"]
[Site "Malchow 2024"]
[Date "2024.02.04"]
[Round "2.1"]
[White "Tovmasyan, Minas"]
[Black "Krause, Enrico"]
[Result "1-0"]
[WhiteElo "1779"]
[BlackElo "1619"]
[Time "08:30:00"]
[WhiteTeam "TuS Makkabi Rostock"]
[BlackTeam "Think Rochade - SC HRO"]

1.d4 d5 2.Nf3 Nf6 3.c4 c6 4.Qc2 dxc4 5.Qxc4 e6 6.g3 Be7 7.Bg2 Nbd7 8.O-O O-O
9.Rd1 Nb6 10.Qc2 Bd7 11.Nbd2 Rc8 12.Nb3 Re8 13.Bd2 Nbd5 14.Ne5 c5 15.dxc5 Ba4
16.Nd3 b6 17.Qc4 Bxb3 18.axb3 Bxc5 19.Nxc5 Rxc5 20.Qd3 Qc7 21.e4 Ne7 22.b4 Rc6
23.Bc3 Rc4 24.Bf1 Rc6 25.Qf3 e5 26.Bb5 h6 27.Qd3 Rc8 28.Bxc6 Nxc6 29.b5 Nb8
30.Bb4 Nbd7 31.Bd6 Qc2 32.Rxa7 Qxb2 33.Ba3 Qc2 34.Qxc2 Rxc2 35.Rdxd7
1-0

[Event "Landesjugendeinzelmeisterschaft M-V u18"]
[Site "Malchow 2024"]
[Date "2024.02.04"]
[Round "2.2"]
[White "Scharf, Christian"]
[Black "Steinhauser, Oskar"]
[Result "1-0"]
[WhiteElo "1557"]
[BlackElo "1166"]
[Time "08:30:00"]
[WhiteTeam "SG GÃ¼strow/Teterow"]
[BlackTeam "SSC Rostock 07"]

1.e4 d6 2.d4 Nf6 3.Nc3 e5 4.Nf3 exd4 5.Nxd4 Be7 6.Bf4 O-O 7.Qd2 Nbd7 8.O-O-O Ne5
9.f3 Be6 10.Be2 a6 11.g4 Nfd7 12.Qe1 c5 13.Nf5 Bxf5 14.exf5 f6 15.Kb1 Re8 16.h4
b5 17.Qg3 Qc7 18.g5 Rad8 19.Nd5 Qb8 20.Rhg1 g6 21.fxg6 Kh8 22.gxh7 Kxh7 23.g6+
Kg7 24.h5 Nf8 25.h6+ Kg8 26.h7+ Kg7 27.Bh6+ Kh8 28.g7+ Kxh7 29.g8=Q+ Kxh6
30.Rh1#
1-0

[Event "Landesjugendeinzelmeisterschaft M-V u18"]
[Site "Malchow 2024"]
[Date "2024.02.04"]
[Round "2.3"]
[White "Lippitz, Jaden"]
[Black "Schott, Andy"]
[Result "1-0"]
[WhiteElo "1633"]
[BlackElo "1665"]
[Time "08:30:00"]
[WhiteTeam "SG GÃ¼strow/Teterow"]
[BlackTeam "SG GÃ¼strow/Teterow"]

1.Nf3 d5 2.g3 g6 3.Bg2 Bg7 4.d4 Nf6 5.O-O O-O 6.Bf4 c6 7.Nbd2 Nh5 8.Be3 Bg4 9.h3
Bxf3 10.Bxf3 Nf6 11.Nb3 Nbd7 12.Qc1 Re8 13.Bh6 Bh8 14.c3 e5 15.e3 e4 16.Be2 b6
17.Kg2 Re6 18.h4 Ne8 19.c4 Nd6 20.Bg4 f5 21.Be2 Nf7 22.Bf4 Rc8 23.Qd2 h6 24.cxd5
cxd5 25.Ba6 Rc4 26.Bxc4 dxc4 27.d5 Re8 28.Nd4 g5 29.hxg5 hxg5 30.Ne6 Qf6 31.Bc7
Nde5 32.Bxe5 Nxe5 33.Rh1 Ng4 34.Rh5 Kf7 35.Nxg5+ Kg6 36.Rah1 Bg7 37.Ne6 Rxe6
38.dxe6 Qxe6 39.Qd8 Nf6 40.R5h3 Qe5 41.Qd4 Qxd4 42.exd4 Nd5 43.Rd1 c3 44.bxc3
Nxc3 45.Rd2 Nd5 46.Rh1 f4 47.gxf4 Nxf4+ 48.Kg3 Kf5 49.Rh7 a6 50.d5 Be5 51.Rf7+
Kg5 52.d6 Nd3+ 53.f4+ Nxf4 54.d7 Ne6+ 55.Kf2 Bc7 56.Rd5+ Kg6 57.Re7 Nd8 58.Rxe4
Kf6 59.Rc4 Bh2 60.Rh5 Bd6
1-0

[Event "Landesjugendeinzelmeisterschaft M-V u18"]
[Site "Malchow 2024"]
[Date "2024.02.04"]
[Round "2.4"]
[White "Karff, Tom"]
[Black "Schulz, Bruno Andreas"]
[Result "1/2-1/2"]
[WhiteElo "1446"]
[BlackElo "1737"]
[Time "08:30:00"]
[WhiteTeam "SG GÃ¼strow/Teterow"]
[BlackTeam "TuS Makkabi Rostock"]

1.e4 c5 2.c3 d5 3.exd5 Qxd5 4.d4 Nf6 5.Nf3 Bf5 6.Be2 Nc6 7.c4 Qd7 8.d5 Nb4 9.Na3
g6 10.Nh4 Bg7 11.Nxf5 Qxf5 12.O-O O-O 13.Be3 b6 14.Rb1 Rfd8 15.Bd2 e6 16.Bxb4
cxb4 17.Nc2 exd5 18.Ne3 Qe5 19.cxd5 Nxd5 20.Nxd5 Rxd5 21.Qc2 Rad8 22.Rfd1 Rxd1+
23.Rxd1 Rxd1+ 24.Qxd1 Qxb2 25.Bc4 Qa1 26.Qxa1 Bxa1 27.Kf1 Kf8 28.Ke2 Ke7 29.Kd3
f5 30.Bg8 Kf8 31.Bd5 Ke7 32.Bg8 h6 33.Kc4 Bc3 34.f3 g5 35.h3 f4 36.Kd5 Kd7
37.Kc4 Kc6 38.Bd5+ Kd6 39.Be4 a6 40.Bb7 b5+ 41.Kd3 a5 42.Be4 Kc5 43.Bg6 a4
44.Bf7 Be1 45.Be6 Kd6 46.Bf7 Bc3 47.Bg8 Kc5 48.Be6 Bf6 49.Bf7 b3 50.axb3 a3
51.Kc2 b4 52.Be6 Kd4 53.Kb1 h5 54.Bf7 h4 55.Be6 Ke3 56.Bf5 Kf2 57.Ka2 Kxg2
58.Bg4 Kg3 59.Kb1 Kf2 60.Ka2 Ke2 61.Kb1 Kd2 62.Bf5 Kc3 63.Be6 g4 64.Bxg4 Kxb3
65.Be6+ Kc3 66.Ka2 Kc2 67.Bf5+ Kc1 68.Be6 Bc3 69.Bb3 Bb2 70.Be6 Kd2 71.Bf5 Kd1
72.Be6 Kc1 73.Bd5 Kd2 74.Be6 Kc3 75.Bf7 Bc1 76.Be6 Be3 77.Bf7 Bd4 78.Be6 Bc5
79.Bf7 Kd4 80.Be6 Ke5 81.Bc4 Kd4 82.Be6 Ke3 83.Bg4 Bd4 84.Kb3 Kf2 85.Ka2 Kg3
86.Kb3 Kf2 87.Ka2 Ke1 88.Kb3 Kd2 89.Ka2 Kc1 90.Be6 Bf2 91.Bd5 Bg3 92.Be6 Kc2
93.Bf5+ Kc1 94.Be6 Kc2 95.Bf5+ Kc3 96.Be6 Kc2 97.Bf5+
1/2-1/2

[Event "Landesjugendeinzelmeisterschaft M-V u18"]
[Site "Malchow 2024"]
[Date "2024.02.04"]
[Round "2.5"]
[White "Wiechhusen, Laurin-Elias"]
[Black "WellÃŸow, Keoki"]
[Result "1-0"]
[WhiteElo "1640"]
[BlackElo "1599"]
[Time "08:30:00"]
[WhiteTeam "SF Schwerin"]
[BlackTeam "HSG Stralsund"]

1.Nf3 Nf6 2.g3 g6 3.Bg2 Bg7 4.O-O O-O 5.c4 c5 6.Nc3 Nc6 7.e3 a6 8.Qe2 Rb8 9.d4
d6 10.d5 Ne5 11.Nxe5 dxe5 12.Bd2 b6 13.Rfb1 Ne8 14.b4 Bf5 15.e4 Bd7 16.Be3 cxb4
17.Rxb4 Nd6 18.Rab1 Qc7 19.Bxb6 Qb7 20.a4 Rfc8 21.c5 f6 22.cxd6 Rxc3 23.Ba5 Qxb4
24.Bxb4
1-0

[Event "Landesjugendeinzelmeisterschaft M-V u18"]
[Site "Malchow 2024"]
[Date "2024.02.04"]
[Round "2.6"]
[White "KÃ¶pnick, Amanda"]
[Black "Willam, Max Bastian"]
[Result "1/2-1/2"]
[WhiteElo "1355"]
[BlackElo "1455"]
[Time "08:30:00"]
[WhiteTeam "TuS Makkabi Rostock"]
[BlackTeam "SSC Rostock 07"]

1.e4 e5 2.Nf3 Nc6 3.Bc4 Nf6 4.d3 h6 5.O-O Bc5 6.c3 O-O 7.Re1 d6 8.h3 Bd7 9.Bb3
Bb6 10.Nbd2 Ne7 11.Nf1 Ng6 12.Ng3 Qe7 13.Bc2 Be6 14.d4 Rad8 15.d5 Bd7 16.a4 a6
17.a5 Ba7 18.b4 Ra8 19.Ba4 b5 20.axb6 Bxb6 21.Bxd7 Qxd7 22.Nf5 Kh7 23.Ng3 a5
24.Bd2 axb4 25.cxb4 Qb5 26.Nf5 Rxa1 27.Qxa1 Qc4 28.Qb1 Ra8 29.Ng3 Ra7 {(=)}
30.h4 Ng4 31.Rf1 Ra3 32.h5 Nh4 33.Qd1 Nxf3+ 34.gxf3 Nf6 35.Kg2 Qd3 36.Re1
1/2-1/2

[Event "Landesjugendeinzelmeisterschaft M-V u18"]
[Site "Malchow 2024"]
[Date "2024.02.04"]
[Round "2.7"]
[White "Janssen, Joris Frederik"]
[Black "Subocz, Gabriel"]
[Result "0-1"]
[WhiteElo "1606"]
[BlackElo "1322"]
[Time "08:30:00"]
[WhiteTeam "TuS Makkabi Rostock"]
[BlackTeam "SAV Torgelow-DrÃ¶geheide 90"]

1.d4 d5 2.Nf3 Nf6 3.Bf4 c5 4.c3 Nc6 5.e3 e6 6.Be2 Bd6 7.Bg3 O-O 8.Ne5 Qc7 9.f4
Ne7 10.O-O Nf5 11.Rf3 b6 12.Nd2 Ne4 13.Bf2 f6 14.Nd3 Bb7 15.Rh3 a6 16.Ne1 b5
17.Nxe4 dxe4 18.g4 Ne7 19.Ng2 b4 20.Bh4 Qa5 21.cxb4 Qxb4 22.Be1 Qb6 23.dxc5 Bxc5
24.Rg3 Rfd8 25.Qb3 Qxb3 26.axb3 Nd5 27.g5 f5 28.Kf2 Rac8 29.Bc4 Bb6 30.Ke2 Rd6
31.Bd2 Bc5 32.h4 Rcd8 33.Rd1 Nb4 34.Ne1 Bc6 35.Rg1 Bb5 36.Bxb5 axb5 37.Ng2 Nd3
38.Bc3 b4 39.Be5 Rd5 40.Rgf1 Bd6 41.Bxd6 R5xd6 42.Rb1 Rc6 43.Rfd1 Rc2+ 44.Kf1
Rd5 45.Kg1 Rdc5 46.Ne1 Nxe1 47.Rxe1 e5 48.h5 exf4 49.exf4 Rd2 50.Ra1 Rcd5 51.g6
hxg6 52.hxg6 Kf8 53.Ra8+ Ke7 54.Rb8 R2d4 55.Rb7+ Rd7 56.Rb5 Kf6 57.Rb6+ R7d6
58.Rb7 Kxg6 59.Kh1 Rd1 60.Rg1+ Rxg1+ 61.Kxg1 Rd4 62.Kf1 Kh6 63.Rb5 g6 64.Rb8 Kh5
65.Rc8 Kg4
0-1

[Event "Landesjugendeinzelmeisterschaft M-V u18"]
[Site "Malchow 2024"]
[Date "2024.02.04"]
[Round "2.8"]
[White "ThormÃ¤hlen, Tjark"]
[Black "Quade, Luca"]
[Result "1-0"]
[WhiteElo "1517"]
[BlackElo "1195"]
[Time "08:30:00"]
[WhiteTeam "SG GÃ¼strow/Teterow"]
[BlackTeam "TuS Makkabi Rostock"]

1.e4 c5 2.c3 Nf6 3.e5 Nd5 4.d4 cxd4 5.cxd4 e6 6.Nf3 d6 7.exd6 Bxd6 8.a3 Qc7
9.Bd3 Nd7 10.Be3 N7f6 11.h3 Nxe3 12.fxe3 Bg3+ 13.Ke2 O-O 14.Nc3 Bd7 15.Rc1 Bc6
16.Ne4 Nxe4 17.Bxe4 Bb5+ 18.Bd3 Qb6 19.b4 Rac8 20.Bxb5 Rxc1 21.Qxc1 Qxb5+ 22.Kd2
e5 23.Qc5 Qa6 24.b5 Qe6 25.d5 Rd8 26.e4 f5 27.Ke2 Qf7 28.Rf1 fxe4 29.Nxe5 Qh5+
30.Ng4 Qxd5 31.Rf8+ Rxf8 32.Qxd5+
1-0

[Event "Landesjugendeinzelmeisterschaft M-V u18"]
[Site "Malchow 2024"]
[Date "2024.02.04"]
[Round "2.9"]
[White "Mochtak, Maximilian"]
[Black "Gorski, Paul Peter"]
[Result "0-1"]
[WhiteElo "1078"]
[BlackElo "1516"]
[Time "08:30:00"]
[WhiteTeam "TuS Makkabi Rostock"]
[BlackTeam "Think Rochade - SC HRO"]

1.d4 Nf6 2.Bf4 g6 3.Nf3 Bg7 4.e3 O-O 5.Bd3 d5 6.O-O c6 7.Nbd2 Nbd7 8.c3 Nh5
9.Bg3 Nxg3 10.hxg3 e5 11.e4 dxe4 12.Nxe4 Qc7 13.Re1 h6 14.g4 exd4 15.cxd4 Qf4
16.g5 hxg5 17.Nfxg5 Bxd4 18.g3 Bxf2+ 19.Kh1 Bxg3 20.Rg1 Qh4+ 21.Kg2 Qh2+ 22.Kf1
Bh4 23.Nf3 Qh3+ 24.Rg2 Nb6 25.Neg5 Bxg5 26.Nxg5 Qh4 27.Kg1 Nd5 28.Qd2 Nf4
0-1

[Event "Offene LJ-Einzelmeisterschaft M-V u25"]
[Site "Malchow 2024"]
[Date "2024.02.04"]
[Round "2.1"]
[White "JÃ¤hnert, Jamie Mares"]
[Black "Markovych, Leonid"]
[Result "1/2-1/2"]
[WhiteElo "1172"]
[BlackElo "1428"]
[Time "08:30:00"]
[WhiteTeam "HSG Stralsund"]
[BlackTeam "TuS Makkabi Rostock"]

1.e4 c5 2.c3 d5 3.exd5 Qxd5 4.Nf3 Nf6 5.Na3 Nc6 6.Nb5 Qd8 7.d4 a6 8.Na3 Bg4
9.Be2 cxd4 10.Nxd4 Bxe2 11.Nxe2 Qxd1+ 12.Kxd1 e5 13.Nc4 Rd8+ 14.Kc2 b5 15.Ne3
Bc5 16.b4 Ba7 17.a4 O-O 18.Rd1 Rxd1 19.Kxd1 Rc8 20.axb5 axb5 21.Ke1 h6 22.Nf5
Rd8 23.Ra6 Ne4 24.Be3 Bxe3 25.Nxe3 Ne7 26.Ra7 Kf8 27.f3 Nd6 28.Rc7 Rc8 29.Rd7
Ndf5 30.Nxf5 Nxf5 31.Rd5 Rb8 32.Rxe5 g6 33.g4 Nd6 34.Nd4 Rb6 35.f4 Kg7 36.Kf2
Kf6 37.h4 Kg7 38.Kg3 Kf6 39.g5+ Kg7 40.f5 hxg5 41.hxg5 Nxf5+ 42.Nxf5+ gxf5
43.Rxf5 Kg6 44.Kf4 f6 45.Rxf6+ Rxf6+ 46.gxf6 Kxf6 47.Ke4 Ke6 48.Kd4 Kd6 49.c4
bxc4 50.Kxc4 Kc6 51.b5+ Kb7 52.Kc5 Kc7 53.b6+ Kb8 54.Kc6 Kc8 55.b7+ Kb8 56.Kb6
1/2-1/2

[Event "Offene LJ-Einzelmeisterschaft M-V u25"]
[Site "Malchow 2024"]
[Date "2024.02.04"]
[Round "2.2"]
[White "Ahmed Ibrahim, Labed"]
[Black "Fromm, Robert"]
[Result "1-0"]
[WhiteElo "1474"]
[BlackElo "1488"]
[Time "08:30:00"]
[WhiteTeam "SV Motor Wolgast 1949"]
[BlackTeam "ASV GrÃ¼n-WeiÃŸ Wismar"]

1.c4 f5 2.Nf3 Nf6 3.g3 e6 4.Bg2 Be7 5.e3 c6 6.d4 d5 7.c5 O-O 8.Nfd2 Ne4 9.O-O
Nd7 10.Nxe4 fxe4 11.b4 Nf6 12.Bb2 g5 13.f3 exf3 14.Bxf3 Bd7 15.Nc3 Be8 16.Qe2
Bg6 17.e4 Qd7 18.Rae1 g4 19.Bg2 Rae8 20.e5 Nh5 21.Qxg4 Ng7 22.Bc1 Bf5 23.Qd1 b5
24.Bh6 Qd8 25.Qd2 Rf7 26.h3 Bg6 27.Rxf7 Bxf7 28.Ne2 Nf5 29.Be3 Nxe3 30.Qxe3 Bg5
31.Qf3 Rf8 32.Rf1 Bg6 33.Qc3 Bh5 34.Bf3 Bg6 35.h4 Bh6 36.Kg2 Qe8 37.g4 Qe7 38.g5
Bg7 39.Qe3 Qe8 40.Nf4 h6 41.h5 Bf5 42.g6 Qe7 43.Qf2 Qd7 44.Qg3 Qb7 45.Bg4 Qc8
46.Bxf5 Rxf5 47.Qd3 Rg5+ 48.Kf2 Rf5 49.Ke2 Qa6 50.a3 Qc8 51.Qh3 Bxe5 52.dxe5
Rxe5+ 53.Kd2 Re4 54.Qf3 Rd4+ 55.Kc1 Rc4+ 56.Kb2 Qb8 57.Nd3 Qh2+ 58.Rf2
1-0

[Event "Offene LJ-Einzelmeisterschaft M-V u25"]
[Site "Malchow 2024"]
[Date "2024.02.04"]
[Round "2.4"]
[White "Baerens, Lennart"]
[Black "Wilke, Finja"]
[Result "1-0"]
[WhiteElo "1039"]
[BlackElo "1232"]
[Time "08:30:00"]
[WhiteTeam "SF Schwerin"]
[BlackTeam "SAV Torgelow-DrÃ¶geheide 90"]

1.e4 e5 2.Nf3 Nc6 3.Bb5 Bb4 4.O-O Nf6 5.d3 O-O 6.a3 Bc5 7.b4 Bd4 8.Nxd4 Nxd4
9.Bc4 d6 10.c3 Nc6 11.Bg5 Bg4 12.Bxf6 Bxd1 13.Bxd8 Bc2 14.Bg5 a6 15.Nd2 Ba4
16.Bb3 Bxb3 17.Nxb3 b6 18.f4 a5 19.fxe5 Nxe5 20.d4 Nc6 21.b5 Na7 22.a4 c5
23.dxc5 dxc5 24.c4 f6 25.Bf4 Rad8 26.Bc7 Rd3 27.Rab1 Nc8 28.Rfd1 Rxd1+ 29.Rxd1
h6 30.Re1 Rf7 31.Bd8 Rf8 32.Bc7 Rf7 33.Bg3 Kh7 34.e5 fxe5 35.Rxe5 Nd6 36.Nd2 Nf5
37.Bf2 Kg6 38.Ne4 Rd7 39.g4 Rd1+ 40.Kg2 Nd6 41.Re6+ Kf7 42.Rxd6
1-0

[Event "Offene LJ-Einzelmeisterschaft M-V u25"]
[Site "Malchow 2024"]
[Date "2024.02.04"]
[Round "2.5"]
[White "RÃ¶seler, Ole"]
[Black "Kunz, Chayenne"]
[Result "1-0"]
[WhiteElo "911"]
[BlackElo "788"]
[Time "08:30:00"]
[WhiteTeam "SG GÃ¼strow/Teterow"]
[BlackTeam "ESV Waren"]

1.d4 d5 2.c4 e6 3.Nc3 Nf6 4.Nf3 Bd6 5.c5 Be7 6.Bf4 Nc6 7.a3 O-O 8.e3 b6 9.Bb5
Bb7 10.b4 a5 11.Bxc6 Bxc6 12.O-O bxc5 13.bxc5 a4 14.Ne5 Bb7 15.Nxa4 Ne4 16.Rb1
Ba6 17.Re1 Qe8 18.Nb2 Nc3 19.Qc2 Nxb1 20.Rxb1 Rb8 21.Nf3 f6 22.Bxc7 Rb7 23.Bb6
Bd8 24.Nd3 Qg6 25.Nb4 f5 26.Nxa6 Rf6 27.c6 Rxb6 28.Rxb6 Bxb6 29.c7 Rf8 30.c8=Q
Qf6 31.Qxf8+ Qxf8 32.Qc6 h6 33.Qxe6+ Kh7 34.Qxb6 Qxa3 35.h3 Qa1+ 36.Kh2 Qf1
37.Kg3 Qe2 38.Nc7 f4+ 39.exf4 Qd3 40.Nxd5 Qf5 41.Ne7 Qf7 42.Qc5 Qf8 43.Qf5+ Qxf5
44.Nxf5 Kg6 45.Ne7+ Kf7 46.Nc6 Ke6 47.Nfe5 h5 48.Kh4 Kd6 49.Kxh5 Kd5 50.Kg6 Ke4
51.Kxg7 Kxf4 52.g3+ Ke4 53.h4 Kd5 54.h5 Ke4 55.h6 Kf5 56.h7 Ke6 57.h8=Q Kd6
58.Qf8+ Kc7 59.Qb8#
1-0

[Event "Landesjugendeinzelmeisterschaft M-V u10"]
[Site "Malchow 2024"]
[Date "2024.02.04"]
[Round "3.4"]
[White "Paulet, Johannes"]
[Black "Hornych, Fridtjof"]
[Result "0-1"]
[WhiteElo "760"]
[BlackElo "957"]
[Time "14:30:00"]
[WhiteTeam "Greifswalder SV"]
[BlackTeam "SF Schwerin"]

1.e4 c5 2.Nf3 e6 3.Nc3 Nf6 4.Bc4 Be7 5.d3 d5 6.e5 dxc4 7.exf6 Bxf6 8.dxc4 Qxd1+
9.Kxd1 O-O 10.Nh4 Bxh4 11.g3 Bf6 12.Ne4 Rd8+ 13.Bd2 Nc6 14.Nxc5 Bxb2 15.Rb1 Bc3
16.Nxb7 Rxd2+ 17.Kc1 Bxb7 18.Rxb7 Rxf2 19.Rd1 Nb4 20.Rd6 Nc6 21.Rb3 Rf1+ 22.Rd1
Be5 23.Rxf1 Rd8 24.Rd1 Rxd1+ 25.Kxd1 Nd4 26.Re3 Bf6 27.Ra3 h6 28.Rd3 g5 29.c5
Be5 30.c6 Nxc6 31.c4 f5 32.Rf3 Nd4 33.Re3 Bf6 34.c5 f4 35.gxf4 gxf4 36.Rc3 f3
37.Ke1 Bh4+ 38.Kf1 e5 39.c6 Nxc6 40.Rxc6 e4 41.Rc8+ Kg7 42.Rc7+ Kf6 43.Rc6+ Ke5
44.Rc5+ Kd4 45.Rh5 Be7 46.Rf5 Kd3 47.Rd5+ Ke3 48.Rd7 Bb4 49.Rd1 Kf4 50.Rd4 Bc5
51.Rd5 Bb6 52.Rd6 f2 53.Rf6+ Ke5 54.Rxf2 Bxf2 55.Kxf2 Kf4 56.h3 e3+ 57.Ke2 Kg3
58.Kxe3 Kxh3 59.Kf4 h5 60.Kf3 h4 61.Kf2 Kg4 62.Kg2 Kf4 63.Kh3 a5 64.a4 Ke4
65.Kxh4 Kd4 66.Kg3 Kc4 67.Kf2 Kb3 68.Ke3 Kxa4 69.Kd3 Kb3 70.Kd2 Kb2 71.Kd3 a4
72.Kc4 a3 73.Kb4 a2 74.Kc4 a1=Q 75.Kb4 Qc1 76.Ka4 Qc4+ 77.Ka5 Qb3 78.Ka6 Kc3
79.Ka5 Kc4 80.Ka6 Kc5 81.Ka7 Kc6 82.Ka8 Qb7#
0-1